000 00419nam a2200169Ia 4500
008 230524s9999 xx 000 0 und d
020 _a0070995737
082 _a621.382
_bSKR
100 _aBernhardt G.A.Skrotzki
245 0 _aPower Station Engineering and Economy
250 _aIST
260 _aNEW DELHI
_bTMH
_c2006
300 _aX;741
500 _aQuantity Number: 42
650 _aElectrical
942 _cBK
999 _c37371
_d37371